Large digital screens in public spaces (Record no. 109560)
[ view plain ]
| 000 -LEADER | |
|---|---|
| fixed length control field | 01407cad a22002295a 4500 |
| 001 - CONTROL NUMBER | |
| control field | L147457 |
| 008 - FIXED-LENGTH DATA ELEMENTS--GENERAL INFORMATION | |
| fixed length control field | 090513s2009 xxko f o 000 0 eng u |
| 035 ## - SYSTEM CONTROL NUMBER | |
| System control number | (Sirsi) u147457 |
| 041 0# - LANGUAGE CODE | |
| Language code of text/sound track or separate title | eng |
| 110 2# - MAIN ENTRY--CORPORATE NAME | |
| Corporate name or jurisdiction name as entry element | English Heritage |
| 9 (RLIN) | 2714 |
| 245 00 - TITLE STATEMENT | |
| Title | Large digital screens in public spaces |
| Remainder of title | joint guidance from English Heritage and CABE |
| Medium | [electronic resource] |
| 260 ## - PUBLICATION, DISTRIBUTION, ETC. | |
| Place of publication, distribution, etc. | London |
| Name of publisher, distributor, etc. | English Heritage |
| -- | CABE |
| Date of publication, distribution, etc. | 2009 |
| 505 2# - FORMATTED CONTENTS NOTE | |
| Formatted contents note | Executive summary -- The role of local authorities: what are live sites? -- Policy and precedent -- Potential benefits, potential disbenefits -- Considerations -- Practical issues -- Design issues -- The local environment -- Planning for successful content: technical criteria, planning permission -- Further advice and information |
| 520 ## - SUMMARY, ETC. | |
| Summary, etc. | Guidance to help local authorities when considering planning applications for installation of large digital screens in public places. Included in these public places are the live sites of the 2012 Olympic Games and Paralympic Games. This guidance will be updated regularly. |
| 521 ## - TARGET AUDIENCE NOTE | |
| Target audience note | Advanced |
| 590 ## - LOCAL NOTE (RLIN) | |
| Local note | KA NTK |
| 651 #4 - SUBJECT ADDED ENTRY--GEOGRAPHIC NAME | |
| Geographic name | England |
| Chronological subdivision | 886- |
| 690 ## - LOCAL SUBJECT ADDED ENTRY--TOPICAL TERM (OCLC, RLIN) | |
| Topical term or geographic name as entry element | MANAGEMENT-BUSINESS MANAGEMENT-INFORMATION MANAGEMENT |
| 710 1# - ADDED ENTRY--CORPORATE NAME | |
| Corporate name or jurisdiction name as entry element | Commission for Architecture and the Built Environment |
| 9 (RLIN) | 4058 |
| 856 40 - ELECTRONIC LOCATION AND ACCESS | |
| Uniform Resource Identifier | <a href="https://www.cabe.org.uk/publications/large-digital-screens">https://www.cabe.org.uk/publications/large-digital-screens</a> |
| Public note | View the item free of charge at www.cabe.org.uk/... |
| 942 ## - ADDED ENTRY ELEMENTS (KOHA) | |
| Suppress in OPAC | 0 |
| Withdrawn status | Lost status | Source of classification or shelving scheme | Damaged status | Not for loan | Home library | Current library | Shelving location | Date acquired | Total Checkouts | Full call number | Barcode | Date last seen | Copy number | Price effective from | Koha item type |
|---|---|---|---|---|---|---|---|---|---|---|---|---|---|---|---|
| Dewey Decimal Classification | Virtual | Virtual | Online | 13/05/2009 | ONLINE PUBLICATION | 147457-2001 | 06/08/2019 | 1 | 06/08/2019 | Book |